Normal view
MARC view
- Alavudeen, A
Entry Personal Name
001 - CONTROL NUMBER
- control field: 86605
003 - CONTROL NUMBER IDENTIFIER
- control field: NUST
005 - DATE AND TIME OF LATEST TRANSACTION
- control field: 20211214130738.0
008 - FIXED-LENGTH DATA ELEMENTS
- fixed length control field: 211214|| aca||aabn | a|a d
040 ## - CATALOGING SOURCE
- Original cataloging agency: NUST
- Transcribing agency: NUST
100 ## - HEADING--PERSONAL NAME
- Personal name: Alavudeen, A
670 ## - SOURCE DATA FOUND
- Source citation: Work cat.: (NUST)32818: Alavudeen, A., Computer-integrated manufacturing /, 1988.
